Горный породоразрушающий инструмент: сборник статей

Chi tiết về thư mục
Tác giả khác: Карюк Г. Г. (редактор)
Ngôn ngữ:Tiếng Nga
Được phát hành: Киев, Технiка, 1966
Những chủ đề:
Định dạng: MixedMaterials Sách
KOHA link:https://koha.lib.tpu.ru/cgi-bin/koha/opac-detail.pl?biblionumber=125723

MARC

LEADER 00000nam0a2200000 4500
001 125723
005 20231031131443.0
035 |a (RuTPU)RU\TPU\book\136035 
090 |a 125723 
100 |a 20071120d1966 k y0rusy50 ca 
101 0 |a rus 
102 |a UA 
105 |a a z 001zy 
200 1 |a Горный породоразрушающий инструмент  |e сборник статей  |f под ред. Г. Г. Карюка 
210 |a Киев  |c Технiка  |d 1966 
215 |a 214 с.  |c ил. 
320 |a Библиогр.: с. 210. 
610 1 |a бурильные инструменты 
610 1 |a сборники 
610 1 |a алмазные коронки 
610 1 |a нагрузки 
610 1 |a вращательное бурение 
610 1 |a резцы 
610 1 |a проектирование 
610 1 |a стойкость 
675 |a 622.243  |v 3 
702 1 |a Карюк  |b Г. Г.  |4 340 
801 1 |a RU  |b 63413507  |c 20071120  |g PSBO 
801 2 |a RU  |b 63413507  |c 20081008  |g PSBO 
942 |c BK